Przedmioty w Szkole podstawowej - Statystyki

Ogólne statystyki
  • Ten quiz został rozwiązany 1 433 razy
  • Średni wynik to 18 z 22
Statystyki odpowiedzi
Klasy Przedmiot % Poprawnych
Od 4 klasy Język polski
99%
Od 4 klasy Matematyka
97%
Zawsze Język angielski
95%
Od 7 klasy Chemia
93%
Od 5 klasy Biologia
92%
Od 7 klasy Fizyka
92%
Zawsze Wychowanie fizyczne
92%
Nieobowiązkowe Religia
90%
Do 7 klasy Plastyka
89%
Tylko w 4 klasie Przyroda
89%
Od 5 klasy Geografia
87%
Od 7 klasy Język niemiecki
87%
Do 7 klasy Muzyka
86%
Od 4 klasy Historia
83%
Od 4 do 6 klasy Technika
80%
Tylko w 8 klasie Wiedza o społeczeństwie
78%
Nieobowiązkowe, od 4 klasy Wychowanie do życia w rodzinie
77%
Zawsze Informatyka
68%
Tylko w 8 klasie Edukacja dla bezpieczeństwa
61%
Nieobowiązkowe Etyka
59%
Od 4 klasy Zajęcia z Wychowawcą
43%
Do 3 klasy Edukacja wczesnoszkolna
35%
Nie znaleziono quizów pasujących do podanych kryteriów
Rozkład punktacji
Procent ludzi z każdym wynikiem
Percentyl według liczby udzielonych odpowiedzi
Twoja historia wyników
Nie rozwiązałeś tego quizu